| 000 | 00384nam a22001457a 4500 | ||
|---|---|---|---|
| 003 | NUST | ||
| 005 | 20230427115217.0 | ||
| 082 | _a954.9183,JAF | ||
| 100 |
_aJafri, A.B.S _9111991 |
||
| 245 |
_aSnapshots of Shame 1996 / _cA.B.S Jafri, |
||
| 260 |
_aKarachi, Pakistan _bRoyal Book Company _c1997 |
||
| 300 | _a205 p | ||
| 650 |
_aCommunity Generally Corrupt _9111992 |
||
| 942 |
_2ddc _cBK |
||
| 999 |
_c594563 _d594563 |
||